Sherlock Holmes and the duke's son / (Record no. 4101)

MARC details
000 -LEADER
fixed length control field 01765cam a2200361 a 4500
001 - CONTROL NUMBER
control field 4101
003 - CONTROL NUMBER IDENTIFIER
control field FISKH
005 - DATE AND TIME OF LATEST TRANSACTION
control field 20251212135120.0
008 - FIXED-LENGTH DATA ELEMENTS--GENERAL INFORMATION
fixed length control field 100628r20081998enkab j 000 1deng
010 ## - LIBRARY OF CONGRESS CONTROL NUMBER
LC control number 2010294952
020 ## - INTERNATIONAL STANDARD BOOK NUMBER
International Standard Book Number 9780194789196 (pbk.)
020 ## - INTERNATIONAL STANDARD BOOK NUMBER
International Standard Book Number 0194789195 (pbk.)
035 ## - SYSTEM CONTROL NUMBER
System control number (OCoLC)ocn401316812
040 ## - CATALOGING SOURCE
Original cataloging agency VLB
Transcribing agency VLB
Modifying agency OCLCQ
-- DLC
Language of cataloging eng
042 ## - AUTHENTICATION CODE
Authentication code lccopycat
050 00 - LIBRARY OF CONGRESS CALL NUMBER
Classification number PE1126.A4
Item number B37687 2008
082 ## - DEWEY DECIMAL CLASSIFICATION NUMBER
Classification number 428
100 1# - MAIN ENTRY--PERSONAL NAME
Personal name Bassett, Jennifer
245 10 - TITLE STATEMENT
Title Sherlock Holmes and the duke's son /
Statement of responsibility, etc. Arthur Conan Doyle ; retold by Jennifer Bassett ; illustrated by Ron Tiner.
260 ## - PUBLICATION, DISTRIBUTION, ETC.
Place of publication, distribution, etc. Oxford ;
-- New York :
Name of publisher, distributor, etc. Oxford University Press,
Date of publication, distribution, etc. 2008, c1998.
300 ## - PHYSICAL DESCRIPTION
Extent 56 pages :
Other physical details illustrations, maps ;
Dimensions 20 cm
490 0# - SERIES STATEMENT
Series statement Oxford Bookworms Library ; Stage 1, Crime & mystery.
520 ## - SUMMARY, ETC.
Summary, etc. "Dr Huxtable has a school for boys in the north of England. When the Duke of Holdernesse decides to send his young son there, that is good news for the school. The Duke is a very important person, and Dr Huxtable is happy to have his son in the school. But two weeks later Dr Huxtable is the unhappiest man in England. Why? And why does he take the train down to London and go to Baker Street? Why does he need the help of the famous detective Sherlock Holmes? " - Library Thing
650 #0 - SUBJECT ADDED ENTRY--TOPICAL TERM
Topical term or geographic name entry element Readers (Adult)
650 #0 - SUBJECT ADDED ENTRY--TOPICAL TERM
Topical term or geographic name entry element Reading comprehension
Form subdivision Problems, exercises, etc.
650 #0 - SUBJECT ADDED ENTRY--TOPICAL TERM
Topical term or geographic name entry element Horse racing
Form subdivision Juvenile fiction.
655 #7 - INDEX TERM--GENRE/FORM
Genre/form data or focus term Mystery fiction.
Source of term gsafd
700 1# - ADDED ENTRY--PERSONAL NAME
Personal name Doyle, Arthur Conan,
Dates associated with a name 1859-1930.
700 1# - ADDED ENTRY--PERSONAL NAME
Personal name Tiner, Ron.
906 ## - LOCAL DATA ELEMENT F, LDF (RLIN)
a 7
b cbc
c copycat
d 2
e ncip
f 20
g y-gencatlg
942 ## - ADDED ENTRY ELEMENTS (KOHA)
Source of classification or shelving scheme Dewey Decimal Classification
Koha item type Books
Suppress in OPAC No
Holdings
Withdrawn status Lost status Source of classification or shelving scheme Damaged status Not for loan Collection Home library Current library Shelving location Date acquired Total Checkouts Full call number Barcode Date last seen Copy number Price effective from Koha item type Public note
    Dewey Decimal Classification     Fiction Footprints International School Library Network Toul Kork Campus Footprints International School Library Network Toul Kork Campus A TK Campus, 4th Floor, Room B401, Fiction Bookcases (1-6) 06/06/2024   BAS 428 PE1126.A4 2024-0826 06/06/2024 1 06/06/2024 Books Donated by Open Book Library #1, Phnom Penh